00360nam a2200133Ia 4500008004100000041000800041082001600049100001800065245004500083260005200128300002900180365001100209440000600220240624s9999 xx 000 0 und d aeng a650.144 SAN aSANDBERG ANNE aINTERVIEW FOR SUCCESS A HALF DAY COMPETE c2010aMumbaibBook Land International Pvt. Ltd. aiv, : 33 : p. : cm. ; 27 cRSb25 v1